Conocer el currículum para asesorar en centros

Guardat en:
Dades bibliogràfiques
Autor principal: Pérez Ferra, Miguel (Autor)
Format: Llibre
Idioma:espanyol
Publicat: Málaga Aljibe 2000
Col·lecció:Colección Pedagogía
Matèries:
Etiquetes: Afegir etiqueta
Sense etiquetes, Sigues el primer a etiquetar aquest registre!

MARC

LEADER 00000nam a2200000 a 4500
001 UCN0029
003 CL-VaPUC
008 010316e20000000SP |||||||||||||||||spa|d
082 0 4 |a 375  |b PER  |2 21 
100 0 |a Pérez Ferra, Miguel  |e author  |9 455253 
245 1 0 |a Conocer el currículum para asesorar en centros 
300 |a 259 p 
942 |c BK 
945 |d 20010316 00:00:00  |a cmena 
260 |a Málaga  |b Aljibe  |c 2000 
650 0 |a Currículo  |9 307290 
650 0 |a Planificación del currículo  |9 269599 
650 7 |a EVALUACION CURRICULAR  |2 CL-VaPUC  |9 308585 
650 0 |a Filosofía de la educación   |9 258384 
583 |a last modification  |c 20010316 00:00:00  |k Rodrigo Vera 
490 0 |a Colección Pedagogía 
999 |c 294006  |d 294004 
952 |0 0  |1 0  |4 0  |6 375_000000000000000_PER_2000  |7 0  |8 A  |9 345846  |a BIBEDU  |b BIBEDU  |d 2019-11-20  |i 3699498  |o 375 PER 2000  |p 3699498  |r 2019-11-20  |w 2019-11-20  |y BK  |k EPE